00520nam a22001697a 450000500170000001000150001702000260003203500140005803700090007208200140008110000250009524500540012026000410017427001100021530000220032570000030034720250328111409.0 aENG-144322 a9788195201235c285.00 aEN-127854 bDBAD a230.3221 aChattopadhyay, Utpal aThe Wonder That is Hinduism/bUtpal Chattopadhyay aKolkata bBlossom BookscAugust 2021 a9, Bir Ananta Ram Mondal Lane, SintheebKolkata e700050mblossombooks17@gmai.comk9836821125k9804135725 a234p.c22 cm.(Pb)